00863 2200217 4500001002100000005001700021008004100038035002400079040001200103082001100115090002000126100001300146245018700159260013800346300004000484500003100524500003500555650002400590850001200614990001900626YOGYA-1112000000013620121112082521.0 ind  0010-111200000000136 aYOPDYOG a371.36 aSk 371.36 Dar P aDARYATUN aPerbedaan hasil tes formatif bentuk obyektif dengan essai tentang prestasi belajar matematika di SMK kelas 1 swasta disamakan sekodya Yogyakarta tahun ajaran 1996/1997coleh Daryatun aYogyakartabJurusan Matematiuka dan Ilmu Pengetahuan Alam Fakultas Keguruan dan Ilmu Pendidikan Univ. Sarjanawiyata Tamansiswac1998. aix, 70(11) lbr.bilus., lampc29 cm aBibliografi : (lbr. 51-52) aSkripsi Univ. Sarwi Tamansiswa aPendidikan-evaluasi aYOPDYOG a41.892-PD/A.12